Evénements du 15 juillet - Statistiques

Statistiques générales
  • Ce quiz a été pris 27 fois
  • Le résultat moyen est 9 sur 15
Statistiques - réponses
Hint Réponse % Correct
Naissance de la journaliste Anne Sinclair 1948
95%
La France remporte la coupe du monde de fooball 2018
90%
Assaut et prise de Jérusalem 1099
85%
Napoléon procède à la 1ère remise de la Légion d'honneur 1804
85%
Début de la seconde bataille de la Marne 1918
80%
Lancement de Twitter 2006
80%
Naissance du peintre Rembrandt 1606
70%
Napoléon se rend aux Anglais 1815
70%
Déraillement dans le métro de Moscou - 23 morts 2014
70%
Signature du concordat entre la France et le Vatican 1801
55%
Naissance de l'explorateur Jean-Baptiste Charcot 1867
40%
Naissance du médecin Jean Hamburger 1909
35%
Création d'un impôt sur le revenu en France 1914
30%
1ère diffusion d'un bulletin météo par l'émetteur de la Tour Eiffel 1922
30%
Suppression de l'Inquisition espagnole 1834
25%
Aucun quiz correspondant
Distribution des résultats
% des personnes avec chaque résultat
Percentile par nombre de réponses
Votre historique - résultats
Vous n’avez pas pris ce quiz